000
00317nam a22001337a 4500
008
250908b |||||||| |||| 00| 0 eng d
020
_a
9781543342659
040
_a
02
100
_a
SINGH,RAMANDEEP
245
_a
PRINCIPLES OF PHARMACY PRACTICE
260
_a
JALANDHER
_b
PEE VEE
_c
2022
300
_a
204
942
_c
01
999
_c
66123
_d
66123